| 000 | 00761nam a2200217 i 4500 | ||
|---|---|---|---|
| 001 | 187332 | ||
| 003 | ES-MaACL | ||
| 005 | 20230906222901.0 | ||
| 008 | 170605s1949 mx |||| | spa d | ||
| 080 | _a7:061.43(72)"19" | ||
| 100 | 0 |
_aFernández, Justino. _949395 |
|
| 245 | 1 | 0 |
_aCatálogos de las exposiciones de arte en 1947 y 1948 / _cJustino Fernández. |
| 260 |
_aMéxico : _b[s.n.], _c1949 ( _fImp. Universitaria) |
||
| 300 |
_a90 p. ; _c23 cm. |
||
| 500 | _a"Suplemento del núm. 17 de los Anales del Instituto de Investigaciones Estéticas" | ||
| 650 | 4 |
_aExposiciones de arte- _zMéxico. _9162922 |
|
| 655 | 7 |
_2tgfbne _9193628 _aCatálogos de exposiciones |
|
| 852 |
_aES-MaACL _j2336-F-3 |
||
| 942 | _2udc | ||
| 999 |
_c187332 _d187332 |
||